000 01022cam a2200253 a 4500
001 000019020
005 20200929165914.0
008 891205s1988 ht a b 000 0 fre d
040 _aDO-SdBNP
_bfre
_cLC
_dBNPHU
050 0 0 _aLA491
_b.F67 1988
082 _ann*
_bF763m
100 1 _aFouchard, Jean,
_d1912-
_940921
245 1 4 _aLes marrons du syllabaire :
_bquelques aspects du probleme de l'instruction et de l'education des esclaves et affranchis de Saint-Domingue /
_cJean Fouchard ; prólogo Dr. Price-Mars.
260 _aPort-au-Prince, Haiti :
_bHenri Deschamps,
_c1988.
300 _a139 p. :
_bil. ;
_c22 cm.
490 1 _aRegards sur le temps passe ;
_v2
504 _aReferencias bibliográficas p. 122-137.
650 0 _aMaroons
_xEducation
_zHaiti
_xHistory.
_940922
650 0 _aSlaves
_xEducation
_zHispaniola
_xHistory
_y18th century.
_940923
650 0 _aLiteracy
_xSocial aspects
_zHaiti
_xHistory.
_940924
700 1 _aPrice Mars,
_epról.
_940925
910 _aCatalogación derivada / LC
049 _aBNGR
999 _c18538
_d18538